000 00517nam a2200181Ia 4500
003 GCL
008 140319s9999 xx 000 0 ara d
040 _aGCL /
_cGCL
082 0 4 _aد
_b050
_bه ك
100 1 _aدار الهلال
245 1 0 _aكشاف الهلال /
_cدار الهلال
260 _a[S.N] :
_bدار الهلال للطباعة والنشر ،
_c1990
300 _a319
490 _aالف كتاب وكتاب
_v0
650 0 4 _aالكشافات
650 0 4 _aالهلال
942 _2ddc
_cCF
999 _c27280
_d27280